Método intuitivo de lengua francesa hablada. Curso elemental

Saved in:
Bibliografiske detaljer
Hovedforfatter: Bruño, G. M (Author)
Format: Bog
Sprog:spansk
Udgivet: Madrid E. Maestre 1940
Udgivelse:5a. ed
Fag:
Tags: Tilføj Tag
Ingen Tags, Vær først til at tagge denne postø!

MARC

LEADER 00000nam a2200000 a 4500
001 UCI4824
003 CL-VaPUC
008 080307e19400000SP |||||||||||||||||spa|d
082 0 4 |a 445  |b BRU  |2 21 
100 |a Bruño, G. M  |e author  |9 353891 
245 1 0 |a Método intuitivo de lengua francesa hablada. Curso elemental 
250 |a 5a. ed 
300 |a 254 p 
942 |c BK 
945 |d 20080307 00:00:00  |a rbrito 
260 |a Madrid  |b E. Maestre  |c 1940 
500 |a Donación padres capuchinos 
650 7 |a GRAMATICA FRANCESA  |2 CL-VaPUC  |9 416915 
650 7 |a FRANCES  |2 CL-VaPUC  |9 259059 
650 7 |a ENSEÑANZA DEL FRANCES  |2 CL-VaPUC  |9 410132 
583 |a last modification  |c 20080307 00:00:00  |k Rodrigo Vera 
999 |c 328671  |d 328669 
952 |0 0  |1 0  |4 0  |6 445_000000000000000_BRU_1940  |7 0  |8 X  |9 412742  |a FDOBUD  |b FDOBUD  |d 2019-11-22  |i 4407679  |o 445 BRU 1940  |p 4407679  |r 2019-11-22  |w 2019-11-22  |y BK_X  |k BUD